Brentano tétele
Elmentve itt :
| Szerző: | |
|---|---|
| Adatforrás: | Philobibl |
| Forrásdokumentuma: | Magyar Filozófiai Szemle 43.1999:1-3. 1-22. p. |
| Dokumentumtípus: | Cikk |
| Nyelv: | magyar |
| Kulcsszavak: | tudatfilozófia pszichológia nyelvelmélet |
| Megjelent: |
1999
|
| LEADER | 00391nab a2200145 c 4500 | ||
|---|---|---|---|
| 001 | bibPHI0031526 | ||
| 005 | 20200924122901.4 | ||
| 008 | 080125s1999 hu hun | ||
| 100 | 1 | |a Stern, Laurent | |
| 245 | 1 | 0 | |a Brentano tétele |c Laurent Stern |
| 260 | |a 1999 | ||
| 695 | |a tudatfilozófia | ||
| 695 | |a pszichológia | ||
| 695 | |a nyelvelmélet | ||
| 773 | 0 | |t Magyar Filozófiai Szemle |g 43.1999:1-3. 1-22. p. | |